• 首页
  • 本馆介绍
  • 公告通知
  • 最新文献
  • 馆藏检索
  • 电子资源
  • 读者导购
  • 参考咨询
  • 我的图书馆
  • 登录
  • 详细信息显示
  • 放入我的书架
  • 预约/预借图书
  • 作者相关作品
  • 分类相关作品
  • 丛书相关作品
  • 出版社相关作品

书目信息

  • 表格格式
  • 工作单格式
  • 卡片格式
题名:
爱上阅读的秘密
    
 
作者: 大J , 姜喆 著
分册: Ⅱ  
出版信息: 长沙   湖南教育出版社  2020.05
页数: 709页
开本: 21cm
丛书名:
单 册:
中图分类: G792-49
科图分类:
主题词: 读书方法--du shu fang fa--儿童读物
电子资源:
ISBN: 978-7-5539-7491-0
000 01119nam0 2200253 450
001 0104125636
005 20201105161105.95
010    @a978-7-5539-7491-0@b精装@dCNY139.00
100    @a20200928d2020 em y0chiy50 ea
101 0  @achi
102    @aCN@b430000
105    @aa z 000yy
106    @ar
200 1  @a爱上阅读的秘密@Aai shang yue du de mi mi@hⅡ@f大J, 姜喆等著
210    @a长沙@c湖南教育出版社@d2020.05
215    @a709页@c图@d21cm
330    @a本书采取理论和实践结合的方法,通过对150多本绘本的深度解读,融合心理学、认知科学、脑科学前沿研究成果,细致演示了亲子阅读时家长怎么说、怎么做,从“家长不会讲”晋升到“家长科学讲”。父母通过阅读这本书,可以学会结合绘本的优质讲解方法,解决家庭教育场景下160余个常见的孩子教养问题,提升孩子的习惯养成、自信力、问题解决力、学习力、探索力等20类核心能力。同时也有有效帮助父母自我提升,引导整个家庭正向发展。
510 1  @aHierarchical reading@hⅡ@zeng
606 0  @a读书方法@Adu shu fang fa@j儿童读物
690    @aG792-49@v5
701  0 @a大J@Ada J@4著
701  0 @a姜喆@Ajiang zhe@4著
801  0 @aCN@bBJSZM@c20201104
905    @b1261390-3@dG792-49@e2150:2@f4
    
    爱上阅读的秘密.Ⅱ/大J, 姜喆等著.-长沙:湖南教育出版社,2020.05
    709页:图;21cm
    
    
    ISBN 978-7-5539-7491-0(精装):CNY139.00
    本书采取理论和实践结合的方法,通过对150多本绘本的深度解读,融合心理学、认知科学、脑科学前沿研究成果,细致演示了亲子阅读时家长怎么说、怎么做,从“家长不会讲”晋升到“家长科学讲”。父母通过阅读这本书,可以学会结合绘本的优质讲解方法,解决家庭教育场景下160余个常见的孩子教养问题,提升孩子的习惯养成、自信力、问题解决力、学习力、探索力等20类核心能力。同时也有有效帮助父母自我提升,引导整个家庭正向发展。
●
相关链接 在E读中查询图书 在五车中查询图书 在当当中查询图书 在豆瓣中查询图书


正题名:爱上阅读的秘密     索取号:G792-49/2150:2         预约/预借

序号 登录号 条形码 馆藏地/架位号 状态 备注
1 1261390   212613901   第一样本阅览室/ [索取号:G792-49/2150:2] 在馆    
2 1261391   212613910   教育系资料室/ [索取号:G792-49/2150:2] 在馆    
3 1261392   212613929   教育系资料室/ [索取号:G792-49/2150:2] 在馆    
4 1261393   212613938   第四借阅区/ [索取号:G792-49/2150:2] 在馆    
唐山师范学院图书馆 欢迎您!
大连网信软件有限公司© 版权所有